000 00356nam a22001337a 4500
999 _c55040
_d55040
008 200205b ||||| |||| 00| 0 eng d
041 _aeng
080 _2043.3
_a043.3
082 _a043.3
100 _a0
101 _aMTH
245 _aAnalizë e Integrimit Efeketiv të Faktorëve të Zhvillimit Ekonomik: Rasti i Kosovës
_cAllakaj,J
942 _2udc
_cBK